Online Catalogue and eLibrary

Siragizhantha Kiligal (Record no. 6044)

MARC details
000 -LEADER
fixed length control field 00399nam a22001577a 4500
005 - DATE AND TIME OF LATEST TRANSACTION
control field 20250509080713.0
008 - FIXED-LENGTH DATA ELEMENTS--GENERAL INFORMATION
fixed length control field 250509b |||||||| |||| 00| 0 eng d
020 ## - INTERNATIONAL STANDARD BOOK NUMBER
ISBN 9789551805074
082 ## - DDC Classification
DDC Edition Number 22
Class No. 894
Item Number - Author Mark SIR
100 ## - MAIN ENTRY--PERSONAL NAME
Personal name Maruthamuthu, Thana
245 ## - TITLE STATEMENT
Title Siragizhantha Kiligal
260 ## - PUBLICATION, DISTRIBUTION, ETC.
Place of publication, distribution, etc. Hatton
Name of publisher, distributor, etc. Bakya Pathippagam
Date of publication, distribution, etc. 2014
300 ## - PHYSICAL DESCRIPTION
Extent (e.g. Volumes, Pages etc.) Xix, 50 p .,
500 ## - GENERAL NOTE
General note Collection of Poems
942 ## - Koha item type (Biblio)
Koha item type Books in Stacks (Lending)
Holdings
Lost status Damaged status Collection code Home library Current library Date acquired Full call number Accession Number Item type
    Lending WERC Library WERC Library 05/09/2025 894 SIR 6827 Books in Stacks (Lending)

© WERC Library